000 00291nam a22001337a 4500
008 170824b xxu||||| |||| 00| 0 eng d
020 _a9781118952917
041 _aeng
080 _25TH
_a51
100 _a38
101 _aMAT
245 _aAPPLIED CALCULUS
_c HALLET,D.H
942 _2udc
_cBK
999 _c24908
_d24908